000 00427nam a22001697a 4500
005 20160429111705.0
008 160429b xxu||||| |||| 00| 0 eng d
020 _aO-07-058753-1
041 _aeng
082 _b00778
100 _aBuchanan, William
_9126
245 _aDistributed Systems and Networks
260 _aNew Delhi
_bTMH Publ.co.Ltd.
_c2004
300 _a674
650 _aInformation Technology
_9137
942 _cBK
999 _c250
_d250